| 000 | 00837nam a2200217 a 4500 | ||
|---|---|---|---|
| 001 | 000006457 | ||
| 005 | 20250224101421.0 | ||
| 008 | 090831s1981 dr abg 000 0 spa d | ||
| 040 |
_aDO-SdBNP _bspa _cBNPHU |
||
| 082 |
_axxxx _bD261v |
||
| 100 |
_aDavis, Martha Ellen _911236 |
||
| 245 | 1 | 0 |
_aVoces del purgatorio : _bestudio de la salve dominicana / _cMartha Ellen Davis ; presentación June C. Rosenberg. |
| 260 |
_aSanto Domingo : _bMuseo del Hombre Dominicano, _c1981. |
||
| 300 |
_axiii, 106 p. : _bil., map., mús. ; _c23 cm. |
||
| 490 | 1 |
_aInvestigaciones Antropológicas _vv. 15 |
|
| 504 | _aIncluye referencias bibliográficas y notas al pie de las páginas | ||
| 504 | _aIncluye bibliografías (p. 103-106) | ||
| 700 | 1 |
_aRosenberg, June C. _917910 |
|
| 830 | 0 |
_aInvestigaciones Antropológicas _nno. 15 _917911 |
|
| 049 | _aBNPD | ||
| 999 |
_c6250 _d6250 |
||